| 000 | 00453nam a22001577a 4500 | ||
|---|---|---|---|
| 008 | 230221b |||||||| |||| 00| 0 eng d | ||
| 040 |
_aNational Science Library _cNational Science Library |
||
| 080 |
_a624(082.2) _bL1 |
||
| 245 | _aDynamic waves in civil engineering | ||
| 260 |
_aLondon: _bWiley Interscience, _c1971 |
||
| 300 | _a575p. | ||
| 650 | _aScience | ||
| 700 | _aHowells, D A (Ed.) | ||
| 700 | _aHaigh, I P (Ed.) | ||
| 942 |
_2udc _cBK |
||
| 999 |
_c47015 _d47015 |
||